000 00674cam a22002293a 4500
001 31620
003 PGUSA
005 20140828083702.0
008 100313s2010||||xxu|||||s|||||000 1 eng d
040 _aPGUSA
_beng
042 _adc
050 4 _aPS
100 1 _aEvans, Augusta J.
_q(Augusta Jane),
_d1835-1909
245 1 0 _aVashti; Or, Until Death Us Do Part
_h[electronic resource] /
_cAugusta J. Evans
260 _bProject Gutenberg,
_c2010
506 _aPublic domain in the USA.
516 _aElectronic text
653 _aAmerican fiction -- 19th century
830 0 _aProject Gutenberg
_v31620
856 4 0 _uhttp://www.gutenberg.org/ebooks/31620
942 _cEB
999 _c260875
_d260875